Aké sú perspektívy Ústavy SR?

Širšia charakteristika Ústavy Slovenskej republiky. Kritika a slabiny Ústavy. Informácia o návrhu ústavného zákona o priamej voľbe prezidenta a niektoré otázky, ktoré s touto zmenou súvisia.

Gespeichert in:
Bibliographische Detailangaben
1. Verfasser: Čič, Milan
Format: Buchkapitel
Sprache:Slowakisch
Schlagworte:
Tags: Tag hinzufügen
Keine Tags, Fügen Sie das erste Tag hinzu!

MARC

LEADER 00000naa a2200000 4500
001 r033652
005 20230825081117.3
041 0 |a slo 
044 |a SK 
245 1 0 |a Aké sú perspektívy Ústavy SR?  |c Milan Čič 
520 |a Širšia charakteristika Ústavy Slovenskej republiky. Kritika a slabiny Ústavy. Informácia o návrhu ústavného zákona o priamej voľbe prezidenta a niektoré otázky, ktoré s touto zmenou súvisia. 
610 2 0 |a ústava 
610 2 0 |a politika 
610 2 0 |a prezidenti 
610 2 0 |a voľby 
610 2 0 |a legislatíva 
610 2 0 |a Slovensko 
100 1 |a Čič, Milan